000 00633nam a2200229Ia 4500
003 OSt
005 20220926011259.0
006 a|||||r|||| 00| 0
007 ta
008 220923b |||||||| |||| 00| 0 eng d
037 _cGeneral Book
040 _aRTL
_cRTL
_beng
041 _2eng
_aeng
082 _aX:71, K6;1
100 _aLumsden Keith et al
_9313212
245 0 _aMicroeconomics
_b A programmed book
260 _aNew Jersey
_bPRENTICE-HALL INC
_c1966
300 _a179p
_ccm.
650 _aMicroeconomics
942 _hX:71, K6;1
_cGB
_2CC
999 _c619545
_d619545